| 000 | 003390000a22001450004500 | ||
|---|---|---|---|
| 003 | LK-CoMWRAF | ||
| 008 | 230817t ||||| |||| 00| 0 eng d | ||
| 040 |
_aLK-CoMWRAF _dLK-CoMWRAF _eLK-CoMWRAF |
||
| 041 | _aeng | ||
| 082 |
_a010 _bTIS |
||
| 245 |
_aTissa Balasuriya OMI _b |
||
| 260 |
_aColombo _bCSR _c1994 |
||
| 300 | _ap.94 | ||
| 942 | _cBK | ||
| 999 |
_c2912 _d2912 |
||